| 000 | 00771nam a2200253Ia 4500 | ||
|---|---|---|---|
| 003 | OSt | ||
| 005 | 20220925200517.0 | ||
| 006 | a|||||r|||| 00| 0 | ||
| 007 | ta | ||
| 008 | 220923b |||||||| |||| 00| 0 eng d | ||
| 020 |
_a8190002678 _c150.00 |
||
| 037 |
_b186, 09/09/1987, BD _cGeneral Book |
||
| 040 |
_aRTL _cRTL _beng |
||
| 041 |
_2eng _aeng |
||
| 082 | _aX9:75.2.N8, M7 | ||
| 100 |
_aSeth Vijay K _9145934 |
||
| 245 | 0 |
_aIndustrialisation in India _bSpatial perspectives |
|
| 260 |
_aDelhi _bCommonwealth Publishers India _c1987 |
||
| 300 |
_axii,242p _ccm. |
||
| 500 | _aBibliography P 221-36 | ||
| 650 | _aIndustry Economy | ||
| 942 |
_hX9:75.2.N8, M7 _cGB _2CC |
||
| 999 |
_c536905 _d536905 |
||